Promyšlennyje roboty-perevorot v poizvodstve /

Saved in:
Bibliographic Details
Main Author: Scott, Peter B (Author)
Format: Book
Language:Russian
Published: Moskva : Ekonomika, 1987
Subjects:
Tags: Add Tag
No Tags, Be the first to tag this record!

MARC

LEADER 00000nam a22000003a 4500
001 stu41789
005 20150617225723.0
008 940121s1987----xxr-----------------rus-d
040 |a STU  |b slo 
041 0 |a rus 
044 |a xxr 
080 |a 681.5 
100 1 |a Scott, Peter B  |4 aut 
245 1 |a Promyšlennyje roboty-perevorot v poizvodstve /  |c [aut.]Peter B. Scott; Z angl. kol 
260 |a Moskva :  |b Ekonomika,  |c 1987 
300 |a 303 s 
650 7 |a roboty priemyselné  |2 stusub 
996 |b 284M003527  |c M*4250-1  |l MMKN  |s A  |a 24  |w stu41789_0001